The grass harp, and, A tree of night : (Record no. 200468061)

MARC details
000 -LEADER
fixed length control field 01892cam a2200433 i 4500
001 - CONTROL NUMBER
control field 200468061
003 - CONTROL NUMBER IDENTIFIER
control field TR-AnTOB
005 - DATE AND TIME OF LATEST TRANSACTION
control field 20260413103134.0
007 - PHYSICAL DESCRIPTION FIXED FIELD--GENERAL INFORMATION
fixed length control field ta
008 - FIXED-LENGTH DATA ELEMENTS--GENERAL INFORMATION
fixed length control field 260413b nyu 000 1 eng d
035 ## - SYSTEM CONTROL NUMBER
System control number (CLU)815454-ucladb-Voyager
System control number (OCoLC)07418879
Canceled/invalid control number (OCoLC)21629609
-- (OCoLC)1150827849
-- (OCoLC)1395078520
System control number (OCoLC)ocm07418879
System control number (EXLNZ-01UCS_NETWORK)9912827111006531
System control number (TR-AnTOB)200468061
040 ## - CATALOGING SOURCE
Original cataloging agency BOA
Language of cataloging eng
Description conventions rda
Transcribing agency BOA
Modifying agency IXA
-- OCL
-- OCLCQ
-- MOU
-- OCLCQ
-- OCLCG
-- GBVCP
-- OCLCQ
-- OCLCF
-- OCLCQ
-- ICN
-- OCLCO
-- GILDS
-- OCLCO
-- DKC
-- YBM
-- OCLCO
-- OCL
-- OCLCO
-- UMK
-- OCLCO
-- OCLCQ
-- OCLCL
-- OCLCQ
-- SJD
-- TR-AnTOB
041 0# - LANGUAGE CODE
Language code of text/sound track or separate title İngilizce
043 ## - GEOGRAPHIC AREA CODE
Geographic area code n-usu--
050 #4 - LIBRARY OF CONGRESS CALL NUMBER
Classification number PS3505.A59
Item number G7
090 ## - LOCALLY ASSIGNED LC-TYPE CALL NUMBER (OCLC); LOCAL CALL NUMBER (RLIN)
Classification number (OCLC) (R) ; Classification number, CALL (RLIN) (NR) PS3505.A59
Local cutter number (OCLC) ; Book number/undivided call number, CALL (RLIN) G7
100 1# - MAIN ENTRY--PERSONAL NAME
Personal name Capote, Truman,
Dates associated with a name 1924-1984
Relator term author
Relator code aut
Authority record control number or standard number http://id.loc.gov/authorities/names/n79104227
9 (RLIN) 53170
240 10 - UNIFORM TITLE
Uniform title Grass harp (Novel)
245 14 - TITLE STATEMENT
Title The grass harp, and, A tree of night :
Remainder of title and other stories /
Statement of responsibility, etc. Truman Capote.
264 #1 - PRODUCTION, PUBLICATION, DISTRIBUTION, MANUFACTURE, AND COPYRIGHT NOTICE
Place of production, publication, distribution, manufacture New York :
Name of producer, publisher, distributor, manufacturer New American Library,
Date of production, publication, distribution, manufacture, or copyright notice [date of publication not identified]
300 ## - PHYSICAL DESCRIPTION
Extent 216 pages ;
Dimensions 18 cm
336 ## - CONTENT TYPE
Content type term text
Content type code txt
Source rdacontent
337 ## - MEDIA TYPE
Media type term unmediated
Media type code n
Source rdamedia
338 ## - CARRIER TYPE
Carrier type term volume
Carrier type code nc
Source rdacarrier
500 ## - GENERAL NOTE
General note "A Signet book"
505 0# - FORMATTED CONTENTS NOTE
Formatted contents note The grass harp.- A tree of night and other stories: Master misery.- Children on their birthdays.- Shut a final door.- Jug of silver.- Miriam.- The headless hawk.- My side of the matter.- A tree of night.
650 #0 - SUBJECT ADDED ENTRY--TOPICAL TERM
Topical term or geographic name entry element City and town life
Geographic subdivision Southern States
Form subdivision Fiction
9 (RLIN) 44717
Topical term or geographic name entry element Boys
Geographic subdivision Southern States
Form subdivision Fiction
9 (RLIN) 35002
Topical term or geographic name entry element Short stories, American
Chronological subdivision 20th century
9 (RLIN) 46151
651 #0 - SUBJECT ADDED ENTRY--GEOGRAPHIC NAME
Geographic name Southern States
Form subdivision Fiction
9 (RLIN) 153572
655 #7 - INDEX TERM--GENRE/FORM
Genre/form data or focus term Fiction
Source of term lcgft
Authority record control number http://id.loc.gov/authorities/genreForms/gf2014026339
9 (RLIN) 151487
942 ## - ADDED ENTRY ELEMENTS (KOHA)
Source of classification or shelving scheme Library of Congress Classification
Koha item type Book
Holdings
Withdrawn status Lost status Source of classification or shelving scheme Not for loan Collection code Home library Current library Shelving location Date acquired Source of acquisition Inventory number Total Checkouts Full call number Date last seen Copy number Date shelved Koha item type Public note
    Library of Congress Classification Ödünç Verilemez-Kurumiçi kullanım / Not for loan-For inhouse use Genel Koleksiyon Tıp Fakültesi Medikal Kütüphane Tıp Fakültesi Medikal Kütüphane Genel Koleksiyon / Main Collection 18/03/2026 Bağış / Donation İDE   PS3505.A59 G7 TıpFaK 13/04/2026 1 13/04/2026 Book Donated by Prof. Dr. Şükrü Cin
Devinim Yazılım Eğitim Danışmanlık tarafından Koha'nın orjinal sürümü uyarlanarak geliştirilip kurulmuştur.